| 000 | 01028cam a2200157 4500500 | ||
|---|---|---|---|
| 005 | 20260111045328.0 | ||
| 041 | _afre | ||
| 042 | _adc | ||
| 100 | 1 | 0 |
_aDarbord, Bernard _eauthor |
| 245 | 0 | 0 | _aSonia Gómez-Jordana Ferary, Por qué los refranes siempre tienen razón. Viaje lingüístico desde la Edad Media a nuestros días a través de los 25 proverbios más usados en español |
| 260 | _c2025. | ||
| 500 | _a12 | ||
| 520 | _aEl retrato historiográfico clásico y su influencia en la historiografía latina posterior ha sido un objeto de estudio frecuente desde las perspectivas propias de la Tradición. Aquí se propone una revisión de dichas cualidades aplicadas a varios textos historiográficos. Tal revisión de la metodología implementa, además, un mayor enfoque en la función pedagógico-política del retrato. | ||
| 786 | 0 | _nBulletin Hispanique | - | 2 | 2025-12-15 | p. 306-311 | 0007-4640 | |
| 856 | 4 | 1 | _uhttps://shs.cairn.info/revista-bulletin-hispanique-2025-2-page-306?lang=es&redirect-ssocas=7080 |
| 999 |
_c1613105 _d1613105 |
||